Fluid mechanics: (Record no. 52)

000 -LEADER
fixed length control field 01343cam a22003857a 4500
001 - CONTROL NUMBER
control field 7855185
003 - CONTROL NUMBER IDENTIFIER
control field Nust
005 - DATE AND TIME OF LATEST TRANSACTION
control field 20180117102922.0
006 - FIXED-LENGTH DATA ELEMENTS--ADDITIONAL MATERIAL CHARACTERISTICS
fixed length control field m d
007 - PHYSICAL DESCRIPTION FIXED FIELD--GENERAL INFORMATION
fixed length control field cr n
008 - FIXED-LENGTH DATA ELEMENTS--GENERAL INFORMATION
fixed length control field 070914s2008 gw a sb 001 0 eng d
015 ## - NATIONAL BIBLIOGRAPHY NUMBER
National bibliography number GBA780081
Source bnb
016 7# - NATIONAL BIBLIOGRAPHIC AGENCY CONTROL NUMBER
Record control number 014052463
Source Uk
020 ## - INTERNATIONAL STANDARD BOOK NUMBER
International Standard Book Number 9788132205197 (acidfree paper)
020 ## - INTERNATIONAL STANDARD BOOK NUMBER
International Standard Book Number 9783642090486
035 ## - SYSTEM CONTROL NUMBER
System control number (WaSeSS)ssj0000317671
040 ## - CATALOGING SOURCE
Original cataloging agency UKM
Transcribing agency UKM
Modifying agency BTCTA
-- BAKER
-- YDXCP
-- BWX
-- OCLCQ
-- DLC
-- WaSeSS
041 1# - LANGUAGE CODE
Language code of text/sound track or separate title ger
Language code of original eng
042 ## - AUTHENTICATION CODE
Authentication code lccopycat
050 #4 - LIBRARY OF CONGRESS CALL NUMBER
Classification number TA357
Item number .D86613 2008
082 04 - DEWEY DECIMAL CLASSIFICATION NUMBER
Classification number 620.106 DUR
Edition number 22
100 1# - MAIN ENTRY--PERSONAL NAME
Personal name Durst, Franz.
9 (RLIN) 8469
210 10 - ABBREVIATED TITLE
Abbreviated title Fluid mechanics
240 10 - UNIFORM TITLE
Language of a work Enlglish
245 10 - TITLE STATEMENT
Title Fluid mechanics:
Medium [electronic resource] :
Remainder of title an introduction to the theory of fluid flows /
Statement of responsibility, etc. Franz Durst.
250 ## - EDITION STATEMENT
Edition statement [English ed.].
260 ## - PUBLICATION, DISTRIBUTION, ETC.
Place of publication, distribution, etc. Berlin :
Name of publisher, distributor, etc. Springer,
Date of publication, distribution, etc. c2008.
300 ## - PHYSICAL DESCRIPTION
Extent 723p.
500 ## - GENERAL NOTE
General note P.B
504 ## - BIBLIOGRAPHY, ETC. NOTE
Bibliography, etc. note Includes bibliographical references and index.
506 ## - RESTRICTIONS ON ACCESS NOTE
Terms governing access License restrictions may limit access.
650 #0 - SUBJECT ADDED ENTRY--TOPICAL TERM
Topical term or geographic name entry element Fluid mechanics.
9 (RLIN) 1678
773 #0 - HOST ITEM ENTRY
Title SpringerLink ebooks - Physics and Astronomy (2008)
856 40 - ELECTRONIC LOCATION AND ACCESS
Uniform Resource Identifier <a href="http://www.columbia.edu/cgi-bin/cul/resolve?clio7855185">http://www.columbia.edu/cgi-bin/cul/resolve?clio7855185</a>
Public note Full text available from SpringerLink ebooks - Physics and Astronomy (2008)
942 ## - ADDED ENTRY ELEMENTS (KOHA)
Source of classification or shelving scheme
Koha item type Book
Call number prefix IESE
Holdings
Withdrawn status Lost status Source of classification or shelving scheme Damaged status Not for loan Collection code Permanent Location Current Location Shelving location Date acquired Total Checkouts Full call number Barcode Date last seen Price effective from Koha item type
            Institute of Environmental Science and Engineering (IESE) Institute of Environmental Science and Engineering (IESE) General Stacks 12/06/2016   620.106 DUR IESE-3000 12/06/2016 12/06/2016 Book
© 2023 Central Library, National University of Sciences and Technology. All Rights Reserved.